[Event "PAR-ch sf"]
[Site "Asuncion"]
[Date "2019.09.08"]
[Round "5"]
[White "Ocampos Mereles, Martin Alfredo"]
[Black "Salinas, Victor"]
[Result "1/2-1/2"]
[WhiteElo "1318"]
[BlackElo "1595"]
[PlyCount "78"]
[EventDate "2019.09.06"]
[EventType "swiss"]
[EventRounds "9"]
[EventCountry "PAR"]
[SourceTitle "EXT 2020"]
[Source "ChessBase"]
[SourceDate "2019.10.17"]
[SourceVersion "1"]
[SourceVersionDate "2019.10.17"]
[SourceQuality "1"]

1. e4 g6 2. d4 Bg7 3. Nf3 d6 4. Bc4 Nf6 5. Nc3 a6 6. h3 b5 7. Bb3 0-0 8. 0-0 Bb7 9. Re1 Nc6 10. Bf4 Na5 11. Qd2 Nxb3 12. axb3 b4 13. Na4 Bxe4 14. Ng5 Bb7 15. Qxb4 h6 16. Nxf7 Rxf7 17. Qxb7 Kh7 18. Nc3 Nh5 19. Be3 e5 20. dxe5 Bxe5 21. Rxa6 Rxa6 22. Qxa6 Nf4 23. Bxf4 Rxf4 24. Qc6 Rf7 25. Qd5 Qf6 26. Qe4 Qg7 27. Re2 Bxc3 28. bxc3 Qxc3 29. Qe6 Kg7 30. Qe3 Qf6 31. c3 Qf5 32. Qd4+ Kg8 33. Re8+ Rf8 34. Rxf8+ Qxf8 35. Qd5+ Kh7 36. Qe6 Qg7 37. c4 h5 38. b4 Qa1+ 39. Kh2 Qg7 1/2-1/2

[Event "Asuncion Avanza Cup"]
[Site "Asuncion"]
[Date "2018.12.08"]
[Round "3"]
[White "Caballero, Alcides Maximiliano"]
[Black "Ocampos Mereles, Martin Alfredo"]
[Result "1-0"]
[WhiteElo "1531"]
[BlackElo "1235"]
[PlyCount "55"]
[EventDate "2018.12.07"]
[EventType "swiss"]
[EventRounds "7"]
[EventCountry "PAR"]
[SourceTitle "CBM 187 Extra"]
[Source "ChessBase"]
[SourceDate "2018.11.04"]
[SourceVersion "1"]
[SourceVersionDate "2018.11.04"]
[SourceQuality "1"]

1. e4 e5 2. Nf3 Nf6 3. Nc3 Bb4 4. Bc4 d6 5. Ng5 0-0 6. d3 h6 7. h4 Bg4 8. f3 Bd7 9. Bd2 Bxc3 10. Bxc3 Nc6 11. Qe2 Nd4 12. Bxd4 exd4 13. 0-0-0 a5 14. a3 b5 15. Bb3 b4 16. f4 Bg4 17. Nf3 bxa3 18. bxa3 c5 19. e5 dxe5 20. fxe5 Nd5 21. Qe4 Ne3 22. Ng5 Bf5 23. Qf4 Qb6 24. g4 Be6 25. Qe4 Bf5 26. gxf5 a4 27. f6 hxg5 28. hxg5 1-0

[Event "Asuncion Aurora Cup U2200"]
[Site "Asuncion"]
[Date "2018.10.21"]
[Round "7"]
[White "Ocampos Mereles, Martin Alfredo"]
[Black "Paez, Rolando"]
[Result "0-1"]
[WhiteElo "1215"]
[BlackElo "1482"]
[PlyCount "70"]
[EventDate "2018.10.19"]
[EventType "swiss"]
[EventRounds "7"]
[EventCountry "PAR"]
[SourceTitle "CBM 187 Extra"]
[Source "ChessBase"]
[SourceDate "2018.11.04"]
[SourceVersion "1"]
[SourceVersionDate "2018.11.04"]
[SourceQuality "1"]

1. e4 c6 2. Nf3 d5 3. exd5 cxd5 4. d4 Nf6 5. h3 e6 6. Bd3 Be7 7. 0-0 0-0 8. Nc3 Nc6 9. a3 a6 10. Re1 Qc7 11. Bg5 h6 12. Bh4 b5 13. Rc1 Bb7 14. Bg3 Qc8 15. Na2 Na5 16. Ne5 Nc4 17. Bxc4 dxc4 18. Nc3 Rd8 19. Ng4 Qc6 20. Nxf6+ Bxf6 21. d5 exd5 22. Qg4 Re8 23. Qf3 d4 24. Qxc6 Bxc6 25. Nb1 Kh7 26. Kh2 Rxe1 27. Rxe1 Re8 28. Rxe8 Bxe8 29. c3 Bd7 30. Nd2 dxc3 31. bxc3 Bxc3 32. Ne4 Bb2 33. Nc5 Bc8 34. a4 Ba3 35. Bd6 c3 0-1